Divan-ı ilahiyat (Record no. 10310)

MARC details
000 -BAŞLIK
Sabit Uzunlukta Kontrol Alanı 00798na a2200265 4500
001 - KONTROL NUMARASI
Denetim Alanı 23847
003 - KONTROL NUMARASI IDENTIFIER
Denetim Alanı MIRAKIL
005 - SON İŞLEM TARİHİ VE ZAMANI
Denetim Alanı 20181213155314.0
008 - SABİT-BOY VERİ ELEMANLARI - GENEL BİLGİLER
Sabit Uzunlukta Kontrol Alanı 180105b tu 000 0
020 ## - ULUSLARARASI STANDART KİTAP NUMARASI
Uluslararası Standart Kitap Numarası 9789751959683
040 ## - KATALOGLAMA KAYNAK
Orijinal Kataloglama Ajansı Milas
Kataloglama Dili tur
Metne Dönüştürmek Ajansı TR-AnCHP
041 ## - DİL KODU
Metin / Ses Parça Veya Ayrı Başlığın Dil Kodu tur
082 ## - DEWEY ONLU SINIFLANDIRMA NUMARASI
Sınıflandırma Numarası 819.11
Ürün Numarası E76d 2014
090 ## - SINIFLAMA NUMARASI
Sınıflama Numarası 819.11 E76d 2014
100 ## - ANA GİRİŞ - KİŞİSEL İSİM
Kişisel Ad Eşrefoğlu Rumi
Bir Adıyla İlişkilendirilen Tarihler 1353-1469
245 ## - BAŞLIK TABLOSU
Başlık Divan-ı ilahiyat
Sorumluluk Tablosu, Vb Eşrefoğlu Rumi
260 ## - YAYIN, DAĞITIM, VB
Yayın, Dağıtım, Vb Yeri Ankara
Yayıncı, Dağıtıcı, Vs Adı Diyanet İşleri Başkanlığı (DİB)
Yayın, Dağıtım, Vb Tarihi 2014
Üretici Firma Acar basım ve cilt san.
300 ## - FİZİKSEL TANIM
Kapsam 239 s.
Boyutlar 17
440 ## - SERİSİ TABLOSU / KATMA GİRİŞİ - BAŞLIK
Başlık Diyanet İşleri Başkanlığı Yayınları
Hacim / Ardışık Tanımı 1003
490 ## - SERİSİ TABLOSU
Seri Beyanı Edebi eserler
Hacim / Ardışık Tanımı 32
504 ## - KAYNAKÇA VB NOT
Kaynakça Vb Notu Kaynakça var.
650 ## - KONU KATMA GİRİŞ - TOPİKAL DÖNEM
Topikal Süreli Veya Coğrafi Ad Giriş Elemanı Edebiyat
Genel Alt Bölümü Divan şiiri
710 ## - KATMA GİRİŞ - KURUMSAL ADI
Giriş Elemanı Olarak Kurumsal Ad Veya Yargı Alanı Adı Diyanet İşleri Başkanlığı (DİB)
942 ## - EKLENDİ GİRİŞ ELEMANLARI (KOHA)
Sınıflandırma Veya Raf Düzeni Kaynak Dewey Decimal Classification
Koha Öğesi Türü Books
999 ## - SİSTEM KONTROL NUMARALARI (KOHA)
Koha Biblionumber 10310
Koha Biblioitemnumber 10310
Holdings
Kalıcı Konum Mevcut Konum Edinme Tarihi Edinim Kaynak Toplam Check-Out'Lar Tam Çağrı Numarası Barkod Tarih Son Görülme İtibaren Geçerli Fiyatlar Koha Öğesi Türü
CHP Kütüphanesi CHP Kütüphanesi 01/05/2018 Bağış   819.11 E76d 2014 017825 01/05/2018 01/05/2018 Books